Chansons LGBTQIA+ - Statistiques

Statistiques générales
  • Ce quiz a été pris 159 fois
    16 depuis la dernière actualisation
  • Le résultat moyen est 11 sur 101
Statistiques - réponses
Chanteur.se.s Année Chanson % Correct
Angèle 2018 Ta Reine
92%
Bilal Hassani 2019 Roi
83%
Katy Perry 2008 I Kissed a Girl
75%
Marguerite 2025 Les filles, les meufs
67%
Lady Gaga 2011 Born This Way
50%
Hoshi 2020 Amour censure
42%
Eddy de Pretto 2017 Kid
42%
Billie Eilish 2024 LUNCH
42%
Mylène Farmer 1987 Sans contrefaçon
42%
Dove Cameron 2022 Boyfriend
33%
Mika 2012 Elle me dit
33%
SANTA 2024 Popcorn Salé
33%
Billie Eilish 2019 wish you were gay
33%
Ariana Grande 2014 Break Free
25%
ABBA 1976 Dancing Queen
25%
girl in red 2018 i wanna be your girlfriend
25%
Hozier 2014 Take Me To Church
25%
Indochine 1985 3e sexe
17%
Mika 2014 Boum Boum Boum
17%
Superbus 2006 Lola
17%
Lil Nas X 2021 MONTERO (call me by your name)
17%
Nemo 2024 The Code
17%
Pierre de Maere 2023 Un jour je marierai un ange
17%
Zazie 2002 Adam et Yves
8%
t.A.T.u. 2002 All The Things She Said
8%
Christina Aguilera 2003 Beautiful
8%
Cher 1999 Believe
8%
Queen 1975 Bohemian Rhapsody
8%
Beyoncé 2022 BREAK MY SOUL
8%
Carly Rae Jepsen 2011 Call Me Maybe
8%
Queen 1979 Don't Stop Me Now
8%
Christophe Willem 2007 Double je
8%
Hayley Kiyoko 2015 Girls Like Girls
8%
Chappell Roan 2024 Good Luck, Babe!
8%
The Weather Girls 1983 It's Raining Men
8%
Måneskin 2021 I WANNA BE YOUR SLAVE
8%
Queen 1984 I Want To Break Free
8%
Stéphane 2024 Ma chérie
8%
Chappell Roan 2023 Pink Pony Club
8%
Sia 2017 Rainbow
8%
Frankie Goes To Hollywood 1983 Relax
8%
Conchita Wurst 2013 Rise Like a Phoenix
8%
Troye Sivan 2023 Rush
8%
RuPaul 2014 Sissy That Walk
8%
Madonna 1990 Vogue
8%
Taylor Swift 2019 You Need to Calm Down
8%
Starmania 1979 Ziggy
8%
Bilal Hassani 2024 2M02
0%
The Waterboys 1983 A Girl Called Johnny
0%
Garbage 2001 Androgyny
0%
Gloria Groove 2022 A QUEDA
0%
Mahmood, Lalo Ebratt 2019 Barrio
0%
Domo Wilson 2019 Bisexual Anthem
0%
Jillette Johnson 2013 Cameron
0%
Kylie Minogue 2001 Can't Get You Out of My Head
0%
Garbage 2001 Cherry Lips
0%
Piche 2023 Confess
0%
Army of Lovers 1991 Crucified
0%
FLASCH 2022 DEADNAME!
0%
Elton John 1992 Elton’s Song
0%
Jenifer 2022 Et si on sortait ce soir
0%
Pabllo Vittar, Charli xcx 2020 Flash Pose
0%
George Michael 1990 Freedom! ’90
0%
P!nk 2010 Fuckin' Perfect
0%
ABBA 1979 Gimme! Gimme! Gimme! (A Man After Midnight)
0%
Blur 1994 Girls and Boys
0%
Tom Robinson Band 1978 Glad to be Gay
0%
Pomme 2017 Grandiose
0%
Conan Gray 2020 Heather
0%
Shea Diamond 2018 I Am Her
0%
Bilal Hassani 2022 Il ou elle
0%
Diana Ross 1980 I'm Coming Out
0%
Anastacia 2000 I'm Outta Love
0%
Lil Nas X 2021 Industry Baby
0%
Grace Jones 1975 I Need a Man
0%
Gloria Gaynor 1978 I Will Survive
0%
Calogero 2020 J’ai le droit aussi
0%
Studio Killers 2013 Jenny
0%
Culture Club 1983 Karma Chameleon
0%
Indeep 1982 Last Night a D.J. Saved My Life
0%
Rise Against 2010 Make It Stop
0%
Todrick Hall 2019 Nails, Hair, Hips, Heels
0%
George Michael 1998 Outside
0%
Suzane 2020 P'tit gars
0%
Starmania 1979 Quand on arrive en ville
0%
Louis Albi 2023 Que tu te mentes
0%
P!nk 2010 Raise Your Glass
0%
Demi Lovato, Cher Lloyd 2013 Really Don't Care
0%
Piche 2024 Respire
0%
Eddy de Pretto 2023 R+V
0%
Macklemore, Ryan Lewis 2012 Same Love
0%
Bronski Beat 1984 Smalltown Boy
0%
Pabllo Vittar, Major Lazer, Anitta 2017 Sua Cara
0%
Lil Nas X 2021 THAT'S WHAT I WANT
0%
Wrabel 2017 The Village
0%
Cyndi Lauper 1986 True Colors
0%
Mecano 1988 Une femme avec une femme
0%
Sylvester 1977 You Make Me Feel (Mighty Real)
0%
Dead or Alive 1984 You Spin Me Round (Like a Record)
0%
Aucun quiz correspondant
Distribution des résultats
% des personnes avec chaque résultat
Percentile par nombre de réponses
Votre historique - résultats
Vous n’avez pas pris ce quiz depuis la dernière actualisation